Statistics for Groups of Ten Quiz

Click here to take the quiz!

General Stats

  • This quiz has been taken 117,569 times
    (30,939 since last reset)
  • The average score is 43 of 80

Answer Stats

GroupAnswer% Correct
Three Letter Body Parts (no slang)Eye
93%
Languages with 100 million native speakersEnglish
91%
Three Letter Body Parts (no slang)Ear
89%
Languages with 100 million native speakersMandarin
88%
Languages with 100 million native speakersSpanish
88%
Three Letter Body Parts (no slang)Arm
87%
Three Letter Body Parts (no slang)Leg
86%
Three Letter Body Parts (no slang)Toe
86%
First Ten Periodic Table ElementsHydrogen
77%
First Ten Periodic Table ElementsOxygen
74%
10 Commandments (Protestant)Thou shalt not take the Lord's
name in {vain}
73%
First Ten Periodic Table ElementsHelium
72%
10 Commandments (Protestant)Thou shalt not {kill}
72%
Languages with 100 million native speakersPortuguese
68%
U.S. States bordering the MississippiLouisiana
66%
U.S. States bordering the MississippiMissouri
66%
Languages with 100 million native speakersArabic
66%
10 Commandments (Protestant)Thou shalt not commit {adultery}
66%
Most Populous Urban Areas in AfricaCairo
66%
U.S. States bordering the MississippiMississippi
65%
Languages with 100 million native speakersJapanese
64%
First Ten Periodic Table ElementsCarbon
64%
Languages with 100 million native speakersRussian
63%
Countries with Four Letter NamesChad
63%
Countries with Four Letter NamesPeru
63%
Canadian ProvincesQuebec
63%
10 Commandments (Protestant)Thou shalt not {steal}
62%
Countries with Four Letter NamesIran
62%
Countries with Four Letter NamesIraq
62%
U.S. States bordering the MississippiArkansas
62%
Languages with 100 million native speakersHindi
61%
First Ten Periodic Table ElementsNitrogen
60%
U.S. States bordering the MississippiTennessee
59%
Most Populous Urban Areas in AfricaJohannesburg
59%
U.S. States bordering the MississippiKentucky
59%
Three Letter Body Parts (no slang)Lip
58%
Canadian ProvincesOntario
58%
Countries with Four Letter NamesLaos
58%
10 Commandments (Protestant){Honor} thy father and thy mother
57%
Countries with Four Letter NamesOman
56%
Countries with Four Letter NamesFiji
54%
Countries with Four Letter NamesMali
54%
U.S. States bordering the MississippiIllinois
54%
U.S. States bordering the MississippiIowa
54%
10 Commandments (Protestant)Thou shalt not {covet} thy
neighbour's wife
52%
Canadian ProvincesAlberta
52%
Countries with Four Letter NamesTogo
52%
10 Commandments (Protestant)Thou shalt have
no {other} {gods} before me
51%
Canadian ProvincesBritish Columbia
51%
Countries with Four Letter NamesCuba
50%
Most Populous Urban Areas in AfricaLagos
50%
Canadian ProvincesNewfoundland and Labrador
50%
10 Commandments (Protestant)Remember the {sabbath} and
keep it holy
49%
First Ten Periodic Table ElementsLithium
48%
U.S. States bordering the MississippiMinnesota
48%
Three Letter Body Parts (no slang)Hip
47%
10 Commandments (Protestant)Thou shalt not bear {false} {witness}
47%
First Ten Periodic Table ElementsNeon
46%
U.S. States bordering the MississippiWisconsin
45%
Most Populous Urban Areas in AfricaNairobi
45%
First Ten Periodic Table ElementsBoron
43%
Canadian ProvincesSaskatchewan
41%
Canadian ProvincesPrince Edward Island
41%
Canadian ProvincesNova Scotia
41%
Canadian ProvincesManitoba
40%
First Ten Periodic Table ElementsBeryllium
37%
Most Populous Urban Areas in AfricaKinshasa
35%
Three Letter Body Parts (no slang)Rib
32%
First Ten Periodic Table ElementsFluorine
32%
Canadian ProvincesNew Brunswick
30%
10 Commandments (Protestant)Thou shalt not make unto thee
any {graven} image
29%
Most Populous Urban Areas in AfricaAlexandria
29%
Three Letter Body Parts (no slang)Jaw
27%
Most Populous Urban Areas in AfricaDar es Salaam
23%
Most Populous Urban Areas in AfricaKhartoum
23%
Three Letter Body Parts (no slang)Gum
21%
Languages with 100 million native speakersBengali
20%
Most Populous Urban Areas in AfricaLuanda
19%
Languages with 100 million native speakersPunjabi
15%
Most Populous Urban Areas in AfricaAbidjan
11%

Score Distribution

Percentile by Number Answered

Percent of People with Each Score

Your Score History

You have not taken this quiz since the last reset